La sociología norteamericana contemporánea: perspectivas, problemas, métodos

保存先:
書誌詳細
第一著者: Parsons, Talcott (autor)
フォーマット: 図書
言語:スペイン語
出版事項: Buenos Aires Paidos 1969
主題:
タグ: タグ追加
タグなし, このレコードへの初めてのタグを付けませんか!

MARC

LEADER 00000nam a2200000 a 4500
001 UCX6402
003 CL-VaPUC
008 930603e19690000AG |||||||||||||||||spa|d
082 0 4 |a 301  |b PAR  |2 21 
100 |a Parsons, Talcott  |e autor  |9 880793 
245 1 3 |a La sociología norteamericana contemporánea: perspectivas, problemas, métodos 
300 |a 304 p 
942 |c BK 
945 |d 19930603 00:00:00 
260 |a Buenos Aires  |b Paidos  |c 1969 
650 0 |a Sociología   |9 255410 
651 0 |a Estados Unidos  |9 255178 
583 |a last modification  |c 19930603 00:00:00  |k Rodrigo Vera 
999 |c 226426  |d 226424 
952 |0 0  |1 0  |4 0  |6 301_000000000000000_PAR_1969  |7 0  |8 A  |9 224757  |a BIBHIS  |b BIBHIS  |d 2019-11-15  |i 2935074  |o 301 PAR 1969  |p 2935074  |r 2025-01-20  |w 2019-11-15  |y BK  |k HIS 
952 |0 0  |1 0  |4 0  |6 301_000000000000000_PAR_1969  |7 0  |8 A  |9 224758  |a BIBGIM  |b BIBGIM  |d 2019-11-15  |i 337386K  |o 301 PAR 1969  |p 337386K  |r 2025-01-15  |w 2019-11-15  |y BK  |k GIM